[Event "St Petersburg Korchnoi Memorial op"]
[Site "St Petersburg"]
[Date "2024.08.17"]
[Round "1"]
[White "Isakov, Roman A"]
[Black "Yakimenko, Alexander A"]
[Result "0-1"]
[WhiteElo "1596"]
[BlackElo "1946"]
[PlyCount "56"]
[EventDate "2024.08.17"]
[EventType "swiss"]
[EventRounds "9"]
[EventCountry "RUS"]
[SourceTitle "CBM 221 Extra"]
[Source "ChessBase"]
[SourceDate "2024.09.30"]
[SourceVersion "1"]
[SourceVersionDate "2024.09.30"]
[SourceQuality "1"]

1. e4 e5 2. Nf3 Nc6 3. Bb5 a6 4. Ba4 d6 5. Bxc6+ bxc6 6. d4 exd4 7. Nxd4 Bd7 8. 0-0 g6 9. c4 Bg7 10. Nc3 Rb8 11. f4 c5 12. Nf3 Ne7 13. Qe2 0-0 14. Be3 Re8 15. Rad1 Qc8 16. Rd2 Bc6 17. Qf2 Bxc3 18. bxc3 Bxe4 19. f5 Qxf5 20. Qh4 Bxf3 21. Rxf3 Qb1+ 22. Rf1 Nf5 23. Qf2 Rxe3 24. g4 Qe4 25. gxf5 Rb1 26. fxg6 Rxf1+ 27. Qxf1 Re1 28. gxf7+ Kf8 0-1